| 000 | 00000nam 2200000zi 4500 |
| 001 | 9.893575 |
| 003 | CaOODSP |
| 005 | 20230428133751 |
| 006 | m o d f |
| 007 | cr |n||||||||| |
| 008 | 201116e197907##onc|||| o f00| 0|eng d |
| 040 | |aCaOODSP|beng|erda|cCaOODSP |
| 043 | |an-cn--- |
| 086 | 1 |aRG43-53/1979E-PDF |
| 100 | 1 |aTorno, Barry, |eauthor. |
| 245 | 10|aDigest of comments contained in briefs submitted in response to : |b"Copyright in Canada : proposals for a revision of the law" / |cprepared by Barry Torno and Alan MacLeod. |
| 264 | 1|aOttawa : |bBureau of Intellectual Property, Consumer and Corporate Affairs Canada, |cJuly 1979. |
| 300 | |a1 online resource (1 volume (various pagings)) |
| 336 | |atext|btxt|2rdacontent |
| 337 | |acomputer|bc|2rdamedia |
| 338 | |aonline resource|bcr|2rdacarrier |
| 500 | |aDigitized edition from print [produced by Innovation, Science and Economic Development Canada]. |
| 650 | 0|aCopyright|zCanada. |
| 650 | 6|aDroit d'auteur|zCanada. |
| 710 | 1 |aCanada. |bConsumer and Corporate Affairs Canada, |eissuing body. |
| 856 | 40|qPDF|s1.33 MB|uhttps://publications.gc.ca/collections/collection_2023/isde-ised/RG43-53-1979-eng.pdf |